000 00745 a2200229 4500
001 216222010
003 UA-OsUOA
005 20220306175023.0
008 220208b un ||||| |||| 00| 0 ukr d
040 _aUA-OsUOA
_beng
_cUA-OsUOA
_dUA-OsUOA
041 _aeng
080 _a94(477).124.1
090 _a94(477).124.1
_bA53
245 _aAn Interview with Political Prisoners in a Soviet Perm Camp
_cedit. Orest Olhovych
260 _bSmoloskyp
_c1978
300 _a30 p.
591 _bОльга Матула
650 _2UDC
_a94(477) Історія України
942 _cBK
_2udc
955 _a1
999 _c572162
_d572162